000 00369nam a2200145Ia 4500
008 230711s9999||||xx |||||||||||||| ||und||
041 _aENG
082 _a621
_bPE-F
100 _aPersonick,SD
245 0 _aFibre optics : technology application
250 _a1st Ed.
260 _c2003
_aNew Delhi
_bKhanna Publishers
650 _aElectronics Engineering
942 _cBK
999 _c4137
_d4137